Normal view
MARC view
- Manchester, William,
Entry Personal Name
001 - CONTROL NUMBER
- control field: 26271
003 - CONTROL NUMBER IDENTIFIER
- control field: NUST
005 - DATE AND TIME OF LATEST TRANSACTION
- control field: 20191127101714.0
008 - FIXED-LENGTH DATA ELEMENTS
- fixed length control field: 191127|| aca||aabn | a|a d
040 ## - CATALOGING SOURCE
- Original cataloging agency: NUST
- Transcribing agency: NUST
100 ## - HEADING--PERSONAL NAME
- Personal name: Manchester, William,
- Dates associated with a name: 1922-2004.
670 ## - SOURCE DATA FOUND
- Source citation: Work cat.: (NUST)0: Manchester, William, 1922-2004., The city of anger :, c1981.
